Library Banner

Clinical biochemistry & metabolic medicine / (Record no. 104440)

MARC details
000 -LEADER
fixed length control field 00714cam a2200253 a 4500
001 - CONTROL NUMBER
control field 17489052
005 - DATE AND TIME OF LATEST TRANSACTION
control field 20180423101642.0
008 - FIXED-LENGTH DATA ELEMENTS--GENERAL INFORMATION
fixed length control field 121010s2012 enka 001 0 eng c
020 ## - INTERNATIONAL STANDARD BOOK NUMBER
International Standard Book Number 9781444144147 (pbk.)
020 ## - INTERNATIONAL STANDARD BOOK NUMBER
International Standard Book Number 1444144146 (pbk)
040 ## - CATALOGING SOURCE
Transcribing agency PK-LaUMT
082 00 - DEWEY DECIMAL CLASSIFICATION NUMBER
Classification number 616.0756
Edition number 23
Item number CRO-C
100 1# - MAIN ENTRY--PERSONAL NAME
Personal name Crook, Martin
245 10 - TITLE STATEMENT
Title Clinical biochemistry & metabolic medicine /
Statement of responsibility, etc Martin Andrew Crook
250 ## - EDITION STATEMENT
Edition statement 8th ed.
260 ## - PUBLICATION, DISTRIBUTION, ETC. (IMPRINT)
Place of publication, distribution, etc Boc Raton :
Name of publisher, distributor, etc CRC Press,
Date of publication, distribution, etc 2012
300 ## - PHYSICAL DESCRIPTION
Extent x, 430 p. :
Other physical details ill. ;
Dimensions 28 cm.
500 ## - GENERAL NOTE
General note Includes index.
650 #0 - SUBJECT ADDED ENTRY--TOPICAL TERM
Topical term or geographic name as entry element Clinical biochemistry.
650 #0 - SUBJECT ADDED ENTRY--TOPICAL TERM
Topical term or geographic name as entry element Metabolism.
650 12 - SUBJECT ADDED ENTRY--TOPICAL TERM
Topical term or geographic name as entry element Clinical Chemistry Tests.
650 22 - SUBJECT ADDED ENTRY--TOPICAL TERM
Topical term or geographic name as entry element Metabolic Phenomena.
942 ## - ADDED ENTRY ELEMENTS (KOHA)
Koha item type Books
Holdings
Withdrawn status Lost status Damaged status Home library Current library Date acquired Full call number Barcode Date last seen Price effective from Koha item type
      UMT Health Sciences Campus UMT Health Sciences Campus 2018-04-23 616.0756 CRO-C 120909 2018-04-23 2018-04-23 Books